| 000 | 00000nam##2200000za#4500 |
| 001 | 9.640614 |
| 003 | CaOODSP |
| 005 | 20210624222747 |
| 007 | cr ||||||||||| |
| 008 | 150407|1999||||xxc|||||o f|0| 0 fre|d |
| 040 | |aCaOODSP|bfre |
| 043 | |an-cn--- |
| 086 | 1 |aH35-4/7-1999F-PDF |
| 110 | 1 |aCanada. |bSanté Canada. |
| 245 | 13|aLa tuberculose dans les communautés des Premières nations, 1999 |h[ressource électronique] |
| 260 | |aOttawa - Ontario : |bSanté Canada |c[2001]. |
| 300 | |a80p.|bfigures (certaines en couleur), graphiques, références, tableaux |
| 500 | |aLe n° de catalogue (H35-4/7-1999F) et l'ISBN (0-662-85617-1) de l'édition imprimée ont été incorrectement copiés dans l'édition électronique. |
| 590 | |a12-35-Supp|b2012-08-09 |
| 691 | 07|aMaladie transmissible|2gcpds |
| 691 | 07|aÉpidémiologie|2gcpds |
| 691 | 07|aAutochtones|2gcpds |
| 775 | 08|tTuberculosis in First Nations communities, 1999 |w(CaOODSP)9.696500 |
| 776 | 0#|tLa tuberculose dans les communautés des Premières nations, 1999 |w(CaOODSP)9.681444 |
| 856 | 40|ahttp://publications.gc.ca|qPDF|s828 Ko|uhttps://publications.gc.ca/collections/Collection/H35-4-7-1999F.pdf |